书目信息 |
| 题名: |
自动调节仪表
|
|
| 作者: | 崔根宝 , 周仕业 , 于世奇 编 | |
| 分册: | 10 | |
| 出版信息: | 北京 机械工业出版社 1985 |
|
| 页数: | 311页 | |
| 开本: | 19cm | |
| 丛书名: | 工业自动化仪表丛书 | |
| 单 册: | ||
| 中图分类: | TH86 | |
| 科图分类: | ||
| 主题词: | 工业仪表:自动化仪表 | |
| 电子资源: | ||
| ISBN: | ||
| 000 | 00789nam2 2200289 45 | |
| 001 | 0185019992 | |
| 005 | 20040520165528.9 | |
| 010 | @dCNY1.60 | |
| 091 | @a15033.5588 | |
| 100 | @a19930624d1985 em y0chiy0121 ea | |
| 101 | 0 | @achi |
| 102 | @aCN@b110000 | |
| 105 | @ay z 000yy | |
| 106 | @ar | |
| 200 | 10 | @a自动调节仪表@h10@Azi dong tiao jie yi biao@f崔根宝等编 |
| 210 | @a北京@c机械工业出版社@d1985 | |
| 215 | @a311页@d19cm | |
| 225 | 2 | @a工业自动化仪表丛书@v10 |
| 410 | 0 | @120010@a工业自动化仪表丛书 |
| 606 | 0 | @a工业仪表:自动化仪表 |
| 690 | @aTH86 | |
| 701 | 0 | @a崔根宝@Acui gen bao@4编 |
| 701 | 0 | @a周仕业@Azhou shi ye@4编 |
| 701 | 0 | @a于世奇@Ayu shi ji@4编 |
| 801 | 0 | @aCN@b深圳图书馆@c20040520 |
| 801 | 2 | @aCN@bNLC@c20040520 |
| 905 | @f1@b142082@dTH86@e4:10 | |
| 自动调节仪表.10/崔根宝等编.-北京:机械工业出版社,1985 |
| 311页;19cm.-(工业自动化仪表丛书;10) |
| ISBN :CNY1.60 |
| ● |
| 相关链接 |
|
|
|
|
正题名:自动调节仪表
索取号:TH86/4:10
 
预约/预借
| 序号 | 登录号 | 条形码 | 馆藏地/架位号 | 状态 | 备注 |
| 1 | 0142082 | 001651180 | 第三借阅区/ [索取号:TH86/4:10] | 在馆 | |
| 2 | 0142083 | 001367791 | 第二样本阅览室/ [索取号:TH86/4:10] | 在馆 |